[Event "SVK-chT2C 10/11"]
[Site "Slovakia"]
[Date "2011.02.05"]
[Round "6.3"]
[White "Banduka, Zeljko"]
[Black "Gregorova, Zuzana"]
[Result "1/2-1/2"]
[WhiteElo "2134"]
[BlackElo "2151"]
[PlyCount "20"]
[EventDate "2010.10.23"]
[EventType "team-tourn"]
[EventRounds "11"]
[EventCountry "SVK"]
[SourceTitle "EXT 2019"]
[Source "ChessBase"]
[SourceDate "2018.10.10"]
[SourceVersion "1"]
[SourceVersionDate "2018.10.10"]
[SourceQuality "1"]
[WhiteTeam "Podpolanie"]
[BlackTeam "Banska Bystrica TH Junior "]
[WhiteTeamCountry "SVK"]
[BlackTeamCountry "SVK"]

1. d4 Nf6 2. g3 d6 3. Nf3 Nbd7 4. Bg2 c6 5. c4 e5 6. Nc3 Be7 7. e4 Qc7 8. 0-0 0-0 9. h3 a6 10. a4 a5 1/2-1/2

[Event "SVK-chT1E 1011"]
[Site "Slovakia"]
[Date "2011.01.09"]
[Round "5.3"]
[White "Gregorova, Zuzana"]
[Black "Szamos, Alexander"]
[Result "1-0"]
[WhiteElo "2151"]
[BlackElo "2211"]
[PlyCount "97"]
[EventDate "2010.11.06"]
[EventType "team-tourn"]
[EventRounds "11"]
[EventCountry "SVK"]
[SourceTitle "EXT 2012"]
[Source "ChessBase"]
[SourceDate "2011.11.24"]
[SourceVersion "1"]
[SourceVersionDate "2011.11.24"]
[SourceQuality "1"]
[WhiteTeam "Banska Bystrica"]
[BlackTeam "Filakovo"]
[WhiteTeamCountry "SVK"]
[BlackTeamCountry "SVK"]

1. d4 Nf6 2. Nf3 e6 3. g3 b6 4. Bg2 Bb7 5. 0-0 Be7 6. c3 0-0 7. Nbd2 c5 8. e3 d6 9. Re1 d5 10. b3 Nc6 11. Bb2 Rc8 12. dxc5 bxc5 13. c4 Qc7 14. Qc2 Rfd8 15. cxd5 exd5 16. Rac1 Nb4 17. Qb1 Qb6 18. a3 Nc6 19. Qc2 Na5 20. Ne5 Ba6 21. Bc3 Bd6 22. Qb2 Bf8 23. Red1 Nc6 24. Nxc6 Rxc6 25. Nc4 Qc7 26. Ba5 Rb6 27. Nxb6 axb6 28. Bc3 Qc6 29. e4 Bb7 30. Bxf6 gxf6 31. exd5 Qd6 32. Qe2 Bg7 33. Qb5 f5 34. Re1 Bd4 35. Qd3 Qf6 36. Re2 Bxd5 37. Bxd5 Rxd5 38. Qf3 Rd8 39. Rce1 Kg7 40. Qb7 f4 41. Qf3 fxg3 42. Qxf6+ Kxf6 43. hxg3 Ra8 44. a4 Rg8 45. Kg2 Ra8 46. Re8 Ra7 47. Rc8 Rb7 48. Ree8 Bc3 49. Rb8 1-0

[Event "SVK-chT1E 1011"]
[Site "Slovakia"]
[Date "2010.12.12"]
[Round "4.3"]
[White "Gregorova, Zuzana"]
[Black "Ligart, Tamas"]
[Result "1-0"]
[WhiteElo "2151"]
[BlackElo "2241"]
[PlyCount "67"]
[EventDate "2010.11.06"]
[EventType "team-tourn"]
[EventRounds "11"]
[EventCountry "SVK"]
[SourceTitle "EXT 2012"]
[Source "ChessBase"]
[SourceDate "2011.11.24"]
[SourceVersion "1"]
[SourceVersionDate "2011.11.24"]
[SourceQuality "1"]
[WhiteTeam "Banska Bystrica"]
[BlackTeam "Svit"]
[WhiteTeamCountry "SVK"]
[BlackTeamCountry "SVK"]

1. Nf3 d5 2. g3 Nf6 3. Bg2 Bg4 4. d3 e6 5. Nbd2 Be7 6. 0-0 0-0 7. c3 Nbd7 8. Qc2 c6 9. Re1 Qc7 10. e4 dxe4 11. dxe4 e5 12. Nc4 Rfd8 13. b4 b5 14. Ne3 Bh5 15. a4 a5 16. Nf5 Bf8 17. Bd2 bxa4 18. Rxa4 Nb6 19. Rxa5 Rxa5 20. bxa5 Nc4 21. Bg5 Qxa5 22. Qb3 Qc5 23. Ne3 Nd6 24. Nh4 h6 25. Bxf6 gxf6 26. g4 Nb5 27. gxh5 Nxc3 28. Ng6 Qb4 29. Qxb4 Bxb4 30. Nc2 Bc5 31. Nh4 Bxf2+ 32. Kxf2 Rd2+ 33. Ke3 Rxc2 34. Kd3 1-0

[Event "SVK-chT2C 10/11"]
[Site "Slovakia"]
[Date "2010.10.24"]
[Round "2.6"]
[White "Zvarik, Martin"]
[Black "Gregorova, Zuzana"]
[Result "0-1"]
[WhiteElo "2273"]
[BlackElo "2151"]
[PlyCount "80"]
[EventDate "2010.10.23"]
[EventType "team-tourn"]
[EventRounds "11"]
[EventCountry "SVK"]
[SourceTitle "EXT 2019"]
[Source "ChessBase"]
[SourceDate "2018.10.10"]
[SourceVersion "1"]
[SourceVersionDate "2018.10.10"]
[SourceQuality "1"]
[WhiteTeam "Zilina Mladost II"]
[BlackTeam "Banska Bystrica TH Junior "]
[WhiteTeamCountry "SVK"]
[BlackTeamCountry "SVK"]

1. a3 d5 2. Nf3 Nf6 3. c4 c6 4. e3 g6 5. b4 Bg7 6. Bb2 0-0 7. Be2 a5 8. 0-0 axb4 9. axb4 Rxa1 10. Bxa1 Qb6 11. Qa4 Qa6 12. Nc3 Qxa4 13. Nxa4 dxc4 14. Nb6 Nd5 15. Nxc4 Nxb4 16. Bxg7 Kxg7 17. Rb1 N8a6 18. Na5 b6 19. Nc4 b5 20. Na5 Bg4 21. d4 Rc8 22. Rc1 Rc7 23. h3 Bxf3 24. gxf3 Kf6 25. f4 Ke6 26. Kg2 Kd6 27. e4 f6 28. e5+ Kd7 29. Kf3 Ke6 30. Ke4 f5+ 31. Ke3 Nd5+ 32. Kf3 Kd7 33. h4 Nab4 34. Rc5 Ra7 35. Nxc6 Ra3+ 36. Kg2 Nxf4+ 37. Kh2 Rh3+ 38. Kg1 Nxe2+ 39. Kf1 Nxc6 40. Kxe2 Nxd4+ 0-1

[Event "Liptov (Women)"]
[Site "Liptov"]
[Date "2010.06.21"]
[Round "6"]
[White "Gregorova, Zuzana"]
[Black "Turkova, Karolina"]
[Result "1-0"]
[WhiteElo "2184"]
[BlackElo "1882"]
[PlyCount "83"]
[EventDate "2010.06.17"]
[EventType "tourn"]
[EventRounds "9"]
[EventCountry "SVK"]
[SourceTitle "CBM 137 Extra"]
[Source "ChessBase"]
[SourceDate "2010.09.01"]
[SourceVersion "1"]
[SourceVersionDate "2010.09.01"]
[SourceQuality "1"]

1. d4 d5 2. Bf4 Nf6 3. e3 c5 4. c3 Qb6 5. Qb3 c4 6. Qc2 Nc6 7. Nd2 g6 8. e4 Nxe4 9. Nxe4 dxe4 10. Bxc4 Bf5 11. Be3 Qc7 12. Bd5 Nb4 13. Qa4+ Nc6 14. Ne2 e6 15. Bc4 Bd6 16. Ng3 0-0-0 17. 0-0-0 Kb8 18. Kb1 Bf4 19. Rhe1 Ne7 20. Qb3 Nd5 21. Bxd5 exd5 22. Nxf5 gxf5 23. g3 Bd6 24. Qxd5 Bxg3 25. Qxf5 Bxh2 26. Rh1 Bd6 27. Rxh7 Rxh7 28. Qxh7 Qe7 29. Rg1 Rd7 30. Rg4 Qe6 31. Qxe4 Qc4 32. Rg1 Re7 33. Qf5 Kc7 34. Rd1 b6 35. Qd3 Qe6 36. c4 Kb7 37. c5 bxc5 38. dxc5 Be5 39. Qb5+ Kc8 40. Qd3 Bf6 41. Qd8+ Kb7 42. Qd5+ 1-0

[Event "Liptov (Women)"]
[Site "Liptov"]
[Date "2010.06.18"]
[Round "2"]
[White "Borosova, Zuzana"]
[Black "Gregorova, Zuzana"]
[Result "1/2-1/2"]
[WhiteElo "2218"]
[BlackElo "2184"]
[PlyCount "147"]
[EventDate "2010.06.17"]
[EventType "tourn"]
[EventRounds "9"]
[EventCountry "SVK"]
[SourceTitle "CBM 137 Extra"]
[Source "ChessBase"]
[SourceDate "2010.09.01"]
[SourceVersion "1"]
[SourceVersionDate "2010.09.01"]
[SourceQuality "1"]

1. d4 Nf6 2. c4 d6 3. Nc3 Nbd7 4. Nf3 e5 5. e4 c6 6. Be2 Be7 7. 0-0 0-0 8. Be3 Qc7 9. d5 c5 10. a3 a6 11. Qc2 Re8 12. Ne1 Bf8 13. f3 g6 14. Nd3 Bg7 15. b4 b6 16. Rfb1 Rf8 17. bxc5 bxc5 18. a4 Bb7 19. a5 Rfb8 20. Bd2 Bc8 21. Na4 Rxb1+ 22. Rxb1 Rb8 23. Bd1 Qa7 24. Rxb8 Qxb8 25. Qb3 Qxb3 26. Bxb3 Kf8 27. Nb6 Bb7 28. Ba4 Nb8 29. Be3 Ke7 30. Bxc5 Bh6 31. Bb4 Be3+ 32. Kf1 Bxb6 33. axb6 Nfd7 34. c5 dxc5 35. Bxc5+ Kd8 36. Ke1 a5 37. Be3 f5 38. Nb2 Ba6 39. g3 Kc8 40. Bc6 fxe4 41. fxe4 Nf6 42. Na4 Nxe4 43. Nc5 Nxc5 44. Bxc5 Bb7 45. Ba4 Bxd5 46. Bd6 e4 47. Be5 Kb7 48. Bd4 Bc6 49. Bb3 Nd7 50. Bg8 h6 51. Bf7 g5 52. g4 Nxb6 53. Bg7 Bd5 54. Bxd5+ Nxd5 55. Bxh6 Nf6 56. Bxg5 Nxg4 57. h4 Kc6 58. h5 Ne5 59. Bf6 Nf7 60. Bg7 Kd5 61. h6 Ng5 62. Ke2 Ke6 63. Ke3 Kf5 64. Bf8 a4 65. Be7 Nh7 66. Ba3 Nf6 67. Bf8 Ng4+ 68. Kd4 Nf6 69. Ke3 Kg6 70. Kf4 Kf7 71. Ba3 Kg6 72. Bb2 Kf7 73. h7 Nxh7 74. Kxe4 1/2-1/2

[Event "SVK-chT1E 0910"]
[Site "Slovakia"]
[Date "2010.02.13"]
[Round "8.5"]
[White "Pejko, Otomar"]
[Black "Gregorova, Zuzana"]
[Result "1/2-1/2"]
[WhiteElo "2164"]
[BlackElo "2187"]
[PlyCount "26"]
[EventDate "2009.10.17"]
[EventType "team"]
[EventRounds "11"]
[EventCountry "SVK"]
[SourceTitle "EXT 2011"]
[Source "ChessBase"]
[SourceDate "2010.11.26"]
[SourceVersion "1"]
[SourceVersionDate "2010.11.26"]
[SourceQuality "1"]
[WhiteTeam "Kosice Slavia II"]
[BlackTeam "Banska Bystrica"]
[WhiteTeamCountry "SVK"]
[BlackTeamCountry "SVK"]

1. e4 d5 2. exd5 Nf6 3. Bb5+ Bd7 4. Bc4 Bg4 5. f3 Bf5 6. Nc3 Nbd7 7. d4 Nb6 8. Bb5+ Bd7 9. Bd3 Nfxd5 10. Nge2 Nxc3 11. Nxc3 g6 12. Bf4 Bg7 13. Be5 0-0 1/2-1/2

[Event "SVK-chT1E 0910"]
[Site "Slovakia"]
[Date "2010.01.17"]
[Round "7.4"]
[White "Gregorova, Zuzana"]
[Black "Biros, Robert"]
[Result "1/2-1/2"]
[WhiteElo "2187"]
[BlackElo "2150"]
[PlyCount "107"]
[EventDate "2009.10.17"]
[EventType "team"]
[EventRounds "11"]
[EventCountry "SVK"]
[SourceTitle "EXT 2011"]
[Source "ChessBase"]
[SourceDate "2010.11.26"]
[SourceVersion "1"]
[SourceVersionDate "2010.11.26"]
[SourceQuality "1"]
[WhiteTeam "Banska Bystrica"]
[BlackTeam "Zilina Mladost juniors"]
[WhiteTeamCountry "SVK"]
[BlackTeamCountry "SVK"]

1. e4 c5 2. Nf3 d6 3. d3 Nc6 4. g3 g6 5. Bg2 Bg7 6. 0-0 e6 7. Nbd2 Nge7 8. c3 0-0 9. Nb3 b6 10. d4 c4 11. Nbd2 d5 12. e5 b5 13. h4 f6 14. exf6 Bxf6 15. Re1 Nf5 16. Nf1 a5 17. N1h2 Bg7 18. Ng4 Ra7 19. Nge5 Nxe5 20. Nxe5 Bxe5 21. Rxe5 Nd6 22. Bh6 Rf5 23. Rxf5 Nxf5 24. Bf4 b4 25. h5 g5 26. Bd2 bxc3 27. bxc3 Rb7 28. Rb1 Rxb1 29. Qxb1 h6 30. g4 Nh4 31. Qb8 Qf8 32. f4 Nxg2 33. Kxg2 gxf4 34. Bxf4 e5 35. Bxh6 Qxh6 36. Qxc8+ Kf7 37. Qc7+ Kg8 38. Qd8+ Kg7 39. Qe7+ Kg8 40. Qxe5 Qd2+ 41. Kg3 Qxc3+ 42. Kh4 Qf3 43. h6 Qh1+ 44. Kg5 Qc1+ 45. Kg6 Qb1+ 46. Qf5 Qb6+ 47. Kh5 Qxd4 48. Qe6+ Kh8 49. g5 Qd1+ 50. Kg6 Qb1+ 51. Kh5 Qd1+ 52. Kg6 Qb1+ 53. Kf7 Qb7+ 54. Kf6 1/2-1/2

[Event "SVK-chT1E 0910"]
[Site "Slovakia"]
[Date "2010.01.16"]
[Round "6.3"]
[White "Lednicky, Martin"]
[Black "Gregorova, Zuzana"]
[Result "1-0"]
[WhiteElo "2235"]
[BlackElo "2187"]
[PlyCount "67"]
[EventDate "2009.10.17"]
[EventType "team"]
[EventRounds "11"]
[EventCountry "SVK"]
[SourceTitle "EXT 2011"]
[Source "ChessBase"]
[SourceDate "2010.11.26"]
[SourceVersion "1"]
[SourceVersionDate "2010.11.26"]
[SourceQuality "1"]
[WhiteTeam "Rajecke Teplice"]
[BlackTeam "Banska Bystrica"]
[WhiteTeamCountry "SVK"]
[BlackTeamCountry "SVK"]

1. e4 e5 2. Bc4 Nf6 3. d3 Nc6 4. Nf3 Bc5 5. 0-0 d6 6. c3 0-0 7. h3 Bb6 8. Nbd2 a6 9. Bb3 h6 10. Nc4 Ba7 11. Bc2 Be6 12. Ne3 Re8 13. g4 d5 14. Qe2 Qd6 15. Nh4 Ne7 16. Nef5 Qd7 17. Qf3 Bxf5 18. gxf5 Nh7 19. Qg3 Qd6 20. Nf3 dxe4 21. dxe4 Nc6 22. Rd1 Qf6 23. Rd7 Rad8 24. Rxc7 Bb6 25. Rxb7 Na5 26. Rxb6 Qxb6 27. Nxe5 Kf8 28. b4 Nc6 29. Be3 Qb7 30. Bc5+ Kg8 31. Nxf7 Rd7 32. Nd6 Rxd6 33. Bxd6 Nf6 34. e5 1-0

[Event "SVK-chT1E 0910"]
[Site "Slovakia"]
[Date "2009.11.15"]
[Round "4.4"]
[White "Gregorova, Zuzana"]
[Black "Rogos, Jan Jr"]
[Result "1-0"]
[WhiteElo "2187"]
[BlackElo "2163"]
[PlyCount "47"]
[EventDate "2009.10.17"]
[EventType "team"]
[EventRounds "11"]
[EventCountry "SVK"]
[SourceTitle "EXT 2011"]
[Source "ChessBase"]
[SourceDate "2010.11.26"]
[SourceVersion "1"]
[SourceVersionDate "2010.11.26"]
[SourceQuality "1"]
[WhiteTeam "Banska Bystrica"]
[BlackTeam "Svit"]
[WhiteTeamCountry "SVK"]
[BlackTeamCountry "SVK"]

1. e4 c5 2. Nf3 Nc6 3. d3 b6 4. g3 Bb7 5. Bg2 e6 6. Nbd2 d5 7. 0-0 dxe4 8. dxe4 Nd4 9. c3 Nxf3+ 10. Bxf3 Qc7 11. Nc4 f6 12. e5 Rd8 13. Qa4+ Qd7 14. Qxd7+ Rxd7 15. Bxb7 Rxb7 16. Rd1 b5 17. Nd6+ Bxd6 18. Rxd6 Kf7 19. Be3 Rc7 20. Rd8 Ke7 21. Rad1 fxe5 22. Rb8 Kf6 23. Rdd8 Kf7 24. Rf8+ 1-0

[Event "SVK-chT1E 0910"]
[Site "Slovakia"]
[Date "2009.10.17"]
[Round "1.6"]
[White "Gregorova, Zuzana"]
[Black "Mrvova, Alena"]
[Result "0-1"]
[WhiteElo "2187"]
[BlackElo "2201"]
[PlyCount "94"]
[EventDate "2009.10.17"]
[EventType "team"]
[EventRounds "11"]
[EventCountry "SVK"]
[SourceTitle "EXT 2011"]
[Source "ChessBase"]
[SourceDate "2010.11.26"]
[SourceVersion "1"]
[SourceVersionDate "2010.11.26"]
[SourceQuality "1"]
[WhiteTeam "Banska Bystrica"]
[BlackTeam "Bardejov BSK"]
[WhiteTeamCountry "SVK"]
[BlackTeamCountry "SVK"]

1. e4 c5 2. Nf3 e6 3. d3 Nc6 4. g3 d6 5. Bg2 Nf6 6. 0-0 Be7 7. Re1 0-0 8. c3 e5 9. a3 Qc7 10. b4 a6 11. Nbd2 d5 12. exd5 Nxd5 13. Bb2 Nf6 14. Nc4 Nd7 15. bxc5 Bxc5 16. d4 exd4 17. cxd4 Ba7 18. Rc1 Na5 19. Ne3 Qb6 20. Bc3 Nf6 21. d5 Ng4 22. Qa4 Nb3 23. Nxg4 Nxc1 24. Rxc1 Bxg4 25. Qxg4 Qxf2+ 26. Kh1 f6 27. Bd4 Bxd4 28. Nxd4 Rae8 29. Ne6 Rf7 30. Qa4 Rfe7 31. Rf1 Qb6 32. Qg4 Rf7 33. Be4 Qe3 34. Qf3 Qxf3+ 35. Rxf3 g6 36. Rc3 f5 37. Bf3 Rd7 38. Kg2 Kf7 39. Nc5 Rc8 40. Na4 Rxc3 41. Nxc3 Rc7 42. Ne2 Ke7 43. Kf2 Kd6 44. Ke3 Rc4 45. h3 Ra4 46. Kd3 Rxa3+ 47. Nc3 b5 0-1

[Event "SVK-chT2C 0809"]
[Site "Slovakia"]
[Date "2009.02.01"]
[Round "9.4"]
[White "Banduka, Zeljko"]
[Black "Gregorova, Zuzana"]
[Result "0-1"]
[WhiteElo "2203"]
[BlackElo "2163"]
[PlyCount "70"]
[EventDate "2008.10.11"]
[EventType "team-tourn"]
[EventRounds "11"]
[EventCountry "SVK"]
[SourceTitle "EXT 2010"]
[Source "ChessBase"]
[SourceDate "2010.11.25"]
[SourceVersion "1"]
[SourceVersionDate "2010.11.25"]
[SourceQuality "1"]
[WhiteTeam "Banska Bystrica CVC"]
[BlackTeam "Liptov SK III"]
[WhiteTeamCountry "SVK"]
[BlackTeamCountry "SVK"]

1. d4 d5 2. c4 c6 3. Nf3 Nf6 4. Nc3 a6 5. g3 dxc4 6. Ne5 b5 7. Bg2 Bb7 8. a4 Qc8 9. e4 e6 10. Bg5 Nbd7 11. Nxd7 Qxd7 12. 0-0 Be7 13. e5 Nd5 14. Nxd5 cxd5 15. Bxe7 Qxe7 16. axb5 axb5 17. Rxa8+ Bxa8 18. Qd2 0-0 19. Qa5 Bc6 20. Ra1 Qb7 21. Qb4 Ra8 22. Rxa8+ Qxa8 23. Bf3 Qa4 24. Qe7 b4 25. Kg2 h6 26. Qd8+ Be8 27. Bd1 Qxd1 28. Qxe8+ Kh7 29. Qxf7 Qg4 30. f3 Qf5 31. Qe7 c3 32. bxc3 bxc3 33. Qc5 Qd3 34. Kh3 c2 35. Qc6 Qf1+ 0-1

[Event "SVK-chT2C 0809"]
[Site "Slovakia"]
[Date "2009.01.31"]
[Round "8.4"]
[White "Gregorova, Zuzana"]
[Black "Szamos, Alexander"]
[Result "0-1"]
[WhiteElo "2163"]
[BlackElo "2207"]
[PlyCount "82"]
[EventDate "2008.10.11"]
[EventType "team-tourn"]
[EventRounds "11"]
[EventCountry "SVK"]
[SourceTitle "EXT 2010"]
[Source "ChessBase"]
[SourceDate "2010.11.25"]
[SourceVersion "1"]
[SourceVersionDate "2010.11.25"]
[SourceQuality "1"]
[WhiteTeam "Liptov SK III"]
[BlackTeam "Zvolen Slavia"]
[WhiteTeamCountry "SVK"]
[BlackTeamCountry "SVK"]

1. Nf3 Nf6 2. g3 d5 3. Bg2 c5 4. d3 Nc6 5. Nbd2 Bg4 6. h3 Bh5 7. 0-0 e6 8. c3 Be7 9. e4 0-0 10. Qc2 Qc7 11. Re1 Rac8 12. Nf1 d4 13. c4 a6 14. N3h2 Nd7 15. f4 f6 16. a3 b5 17. Nd2 Rb8 18. Nhf3 e5 19. f5 Rb7 20. g4 Bf7 21. h4 h6 22. b3 Rfb8 23. Kh1 Na5 24. Rg1 Nxb3 25. Qxb3 bxc4 26. Qc2 cxd3 27. Qxd3 c4 28. Qe2 d3 29. Qd1 Nc5 30. g5 hxg5 31. hxg5 fxg5 32. Bh3 c3 33. Nxg5 Bxg5 34. Rxg5 cxd2 35. Bxd2 Nxe4 36. Rxg7+ Kf8 37. Rxf7+ Qxf7 38. Bh6+ Ke7 39. Qe1 Qh5 40. Bg5+ Qxg5 41. Qxe4 Rb1+ 0-1

[Event "Olympiad Women-38"]
[Site "Dresden"]
[Date "2008.11.23"]
[Round "10"]
[White "Van Weersel, Arlette"]
[Black "Gregorova, Zuzana"]
[Result "1/2-1/2"]
[WhiteElo "2209"]
[BlackElo "2163"]
[PlyCount "112"]
[EventDate "2008.11.13"]
[EventType "team-swiss"]
[EventRounds "11"]
[EventCountry "GER"]
[SourceTitle "CBM 128"]
[Source "ChessBase"]
[SourceDate "2009.01.28"]
[SourceVersion "1"]
[SourceVersionDate "2009.01.28"]
[SourceQuality "1"]
[WhiteTeam "Netherlands (W)"]
[BlackTeam "Slovakia (W)"]
[WhiteTeamCountry "NED"]
[BlackTeamCountry "SVK"]

1. e4 e5 2. Nf3 Nc6 3. Bc4 Bc5 4. c3 Nf6 5. d3 d6 6. Bb3 a6 7. Nbd2 0-0 8. h3 h6 9. Nf1 d5 10. Qe2 Re8 11. Ng3 Be6 12. 0-0 Ba7 13. Rd1 Qe7 14. Be3 Bxe3 15. Qxe3 Rad8 16. Nh4 Ng4 17. Nhf5 Bxf5 18. Nxf5 Nxe3 19. Nxe7+ Rxe7 20. fxe3 dxe4 21. dxe4 Rxd1+ 22. Rxd1 Kf8 23. Kf2 Ke8 24. Ke2 Na5 25. Ba4+ c6 26. b4 Nc4 27. Bb3 Nb6 28. a4 Nd7 29. Rb1 Nf6 30. Bc2 Rc7 31. Bd3 Rc8 32. Rb3 Nd7 33. Rb1 Ke7 34. b5 cxb5 35. axb5 a5 36. c4 b6 37. Rf1 Nc5 38. Bc2 Nb7 39. Bd3 Nd6 40. Rc1 Nxb5 41. c5 Na7 42. Rb1 Rxc5 43. Rxb6 Nc8 44. Ra6 Nd6 45. Kd2 f5 46. Ra7+ Kf6 47. Ra6 fxe4 48. Bxe4 Ke7 49. Ra7+ Ke6 50. Bh7 Rd5+ 51. Ke2 Kf6 52. Ra6 Ke7 53. Ra7+ Kf8 54. Ra8+ Ke7 55. Ra7+ Kf8 56. Ra8+ Ke7 1/2-1/2

[Event "WMSG Rapid Team 1st (Women)"]
[Site "Beijing"]
[Date "2008.10.15"]
[Round "4"]
[White "Van Nies, Pauline"]
[Black "Gregorova, Zuzana"]
[Result "1/2-1/2"]
[WhiteElo "2165"]
[BlackElo "2163"]
[PlyCount "54"]
[EventDate "2008.10.14"]
[EventType "team (rapid)"]
[EventRounds "9"]
[EventCountry "CHN"]
[SourceTitle "CBM 126 Extra"]
[Source "ChessBase"]
[SourceDate "2008.11.05"]
[SourceVersion "1"]
[SourceVersionDate "2008.11.05"]
[SourceQuality "1"]

1. e4 d5 2. exd5 Nf6 3. d4 Nxd5 4. c4 Nb6 5. Nf3 g6 6. Nc3 Bg7 7. c5 Nd5 8. Bc4 c6 9. Qb3 0-0 10. 0-0 Nxc3 11. bxc3 b5 12. cxb6 axb6 13. Ng5 e6 14. Bf4 b5 15. Be2 Nd7 16. Bf3 Qb6 17. Rfe1 Nf6 18. a4 h6 19. Ne4 Nxe4 20. Bxe4 Qa6 21. a5 Bd7 22. Qb4 Rac8 23. Bd6 Rfe8 24. Bd3 Bf8 25. Re3 Bg7 26. Qc5 Ra8 27. Qb4 Qb7 1/2-1/2

[Event "WMSG Blitz Team 1st (Women)"]
[Site "Beijing"]
[Date "2008.10.13"]
[Round "1"]
[White "Gregorova, Zuzana"]
[Black "Carlsen, Ellen Oen"]
[Result "1-0"]
[WhiteElo "2163"]
[BlackElo "1888"]
[PlyCount "91"]
[EventDate "2008.10.13"]
[EventType "team (blitz)"]
[EventRounds "11"]
[EventCountry "CHN"]
[SourceTitle "CBM 126 Extra"]
[Source "ChessBase"]
[SourceDate "2008.11.05"]
[SourceVersion "1"]
[SourceVersionDate "2008.11.05"]
[SourceQuality "1"]

1. e4 c5 2. Nf3 Nc6 3. d4 cxd4 4. Nxd4 Nf6 5. Nc3 e5 6. Ndb5 d6 7. Bg5 a6 8. Na3 b5 9. Nd5 Be7 10. Bxf6 Bxf6 11. c4 b4 12. Nc2 a5 13. g3 Bg5 14. Nde3 0-0 15. Bg2 Be6 16. b3 Rc8 17. 0-0 Ne7 18. Re1 f5 19. exf5 Nxf5 20. Nxf5 Bxf5 21. Ne3 Bg6 22. Qe2 Kh8 23. Rad1 Rc7 24. Bd5 Qf6 25. Rf1 Ra7 26. Ng4 Qe7 27. Ne3 Qf6 28. Bg2 a4 29. Nd5 Qf7 30. Nxb4 axb3 31. axb3 Bd8 32. Nc6 Ra3 33. Qb2 Ra8 34. Nxe5 dxe5 35. Bxa8 Bb6 36. Bg2 Bf5 37. Qe2 h5 38. Rd5 Bg4 39. Qd2 Bd4 40. h3 Be6 41. Ra5 Bb6 42. Ra2 Bd7 43. Qd5 Be6 44. Qxe5 Bc7 45. Qg5 Be5 46. Qxe5 1-0

[Event "WMSG Blitz Team 1st (Women)"]
[Site "Beijing"]
[Date "2008.10.13"]
[Round "8"]
[White "Gregorova, Zuzana"]
[Black "Prismontaite, Reda"]
[Result "0-1"]
[WhiteElo "2163"]
[BlackElo "2011"]
[PlyCount "70"]
[EventDate "2008.10.13"]
[EventType "team (blitz)"]
[EventRounds "11"]
[EventCountry "CHN"]
[SourceTitle "CBM 126 Extra"]
[Source "ChessBase"]
[SourceDate "2008.11.05"]
[SourceVersion "1"]
[SourceVersionDate "2008.11.05"]
[SourceQuality "1"]

1. Nf3 c5 2. g3 Nc6 3. Bg2 g6 4. 0-0 Bg7 5. d3 Nf6 6. e4 d6 7. Nbd2 0-0 8. Re1 Bd7 9. c3 Qc8 10. Nb3 Rb8 11. d4 cxd4 12. Nbxd4 Bg4 13. Nxc6 bxc6 14. Qc2 Bh3 15. Bh1 Nd7 16. Ng5 Ne5 17. Nxh3 Qxh3 18. Bg2 Qg4 19. Qe2 Qxe2 20. Rxe2 Nd3 21. Bf1 Nxc1 22. Rxc1 Rb6 23. Rd1 Rfb8 24. Rdd2 Bh6 25. Rc2 Bg7 26. b3 a5 27. f4 Kf8 28. e5 dxe5 29. fxe5 c5 30. Rc1 Re6 31. Rce1 Rd8 32. Bh3 Rb6 33. e6 f6 34. c4 f5 35. Bg2 Bd4+ 0-1

[Event "WMSG Blitz Team 1st (Women)"]
[Site "Beijing"]
[Date "2008.10.13"]
[Round "2"]
[White "Gregorova, Zuzana"]
[Black "Swati, Ghate"]
[Result "1-0"]
[WhiteElo "2163"]
[BlackElo "2320"]
[PlyCount "85"]
[EventDate "2008.10.13"]
[EventType "team (blitz)"]
[EventRounds "11"]
[EventCountry "CHN"]
[SourceTitle "CBM 126 Extra"]
[Source "ChessBase"]
[SourceDate "2008.11.05"]
[SourceVersion "1"]
[SourceVersionDate "2008.11.05"]
[SourceQuality "1"]

1. Nf3 c5 2. g3 Nc6 3. Bg2 d6 4. d3 e5 5. 0-0 g6 6. e4 Bg7 7. Nbd2 Nge7 8. c3 0-0 9. a4 h6 10. Nc4 Be6 11. Re1 f5 12. exf5 Nxf5 13. Ne3 Nfe7 14. Nh4 Qd7 15. Be4 Rf6 16. Bg2 Raf8 17. Rf1 g5 18. Nf3 Bh3 19. Nd2 d5 20. Nb3 b6 21. a5 Kh8 22. Qh5 Bxg2 23. Kxg2 d4 24. Ng4 Qd5+ 25. Kg1 Rg6 26. c4 Qf3 27. Nd2 Qxd3 28. Qh3 Qf5 29. Qh5 e4 30. axb6 axb6 31. b3 Re6 32. Ra6 Nb4 33. Rxb6 Rxb6 34. Ba3 Qf7 35. Qh3 Nf5 36. Nxe4 Nc2 37. Bxc5 Rg6 38. Bxf8 Qxf8 39. Rc1 d3 40. Ne3 Nfxe3 41. fxe3 Nxe3 42. Nf2 d2 43. Rb1 1-0

[Event "CZE-SVK Cup rap"]
[Site "Prague"]
[Date "2008.09.21"]
[Round "2"]
[White "Gregorova, Zuzana"]
[Black "Richtrova, Eliska"]
[Result "0-1"]
[WhiteElo "2142"]
[BlackElo "2270"]
[PlyCount "70"]
[EventDate "2008.09.21"]
[EventType "team (rapid)"]
[EventRounds "2"]
[EventCountry "CZE"]
[SourceTitle "CBM 126 Extra"]
[Source "ChessBase"]
[SourceDate "2008.11.05"]
[SourceVersion "1"]
[SourceVersionDate "2008.11.05"]
[SourceQuality "1"]
[WhiteTeam "Slovakia"]
[BlackTeam "Czech Republic"]
[WhiteTeamCountry "SVK"]
[BlackTeamCountry "CZE"]

1. Nf3 Nf6 2. g3 g6 3. Bg2 Bg7 4. d3 0-0 5. 0-0 d6 6. e4 c5 7. Re1 Nc6 8. Nbd2 e5 9. Nf1 h6 10. c3 Be6 11. d4 Bg4 12. dxc5 dxc5 13. Qc2 Qe7 14. Ne3 Be6 15. b3 Rfd8 16. Bb2 Rd7 17. Rad1 Rad8 18. Rxd7 Rxd7 19. Bf1 Ng4 20. h3 Nxe3 21. Rxe3 a6 22. Kh2 b5 23. Rd3 Qd8 24. Rxd7 Qxd7 25. Qd2 Qxd2 26. Nxd2 h5 27. a4 Bh6 28. Nf3 c4 29. axb5 axb5 30. bxc4 bxc4 31. Ne1 Na5 32. Nc2 Nb3 33. Na3 Nd2 34. Bc1 Nxf1+ 35. Kg2 Bxc1 0-1

[Event "SVK-chT2C 0708"]
[Site "Slovakia"]
[Date "2008.02.03"]
[Round "9.3"]
[White "Gregorova, Zuzana"]
[Black "Turna, Dusan"]
[Result "1/2-1/2"]
[WhiteElo "2209"]
[BlackElo "2141"]
[PlyCount "31"]
[EventDate "2007.10.06"]
[EventType "team-tourn"]
[EventRounds "11"]
[EventCountry "SVK"]
[SourceTitle "EXT 2010"]
[Source "ChessBase"]
[SourceDate "2010.11.25"]
[SourceVersion "1"]
[SourceVersionDate "2010.11.25"]
[SourceQuality "1"]
[WhiteTeam "Banska Bystrica Junior"]
[BlackTeam "Podbrezova ZP Sport"]
[WhiteTeamCountry "SVK"]
[BlackTeamCountry "SVK"]

1. e4 c6 2. d4 d5 3. Nc3 dxe4 4. Nxe4 Nd7 5. Nf3 Ngf6 6. Nxf6+ Nxf6 7. g3 Bf5 8. Bg2 e6 9. 0-0 Bd6 10. c4 0-0 11. Re1 Bb4 12. Bd2 Bxd2 13. Qxd2 Be4 14. Rad1 Qd6 15. Ne5 Bxg2 16. Kxg2 1/2-1/2